000 01829cam a22004694i 4500
003 PE-LiUPU
005 20250731172936.0
008 150623s r 000 0 d
020 _a0802843190
035 _a(Sirsi) i9780802843197
040 _aPE-LiUPU
_bspa
_cPE-LiUPU
_erda
049 _aPRUA
082 0 4 _a248.3
_bW92
_221
100 1 _aWright, Nicholas Thomas,
_eautor.
245 1 0 _aFor all God's worth :
_btrue worship and the calling of the church /
_cN.T. Wright.
264 1 _aMichigan :
_bWilliam B. Eerdmans Publishing Company,
_c1997.
300 _a136 páginas ;
_c21 centímetros
336 _atext
_2rdacontent
337 _aunmediated
_2rdamedia
338 _avolume
_2rdacarrier
505 0 _aPart One: The God who is worthy of praise: Worship. -It is all God's work. -The God I want?. -God on the same scale. -The glory of the lord. -The face of love. -No bones about it. -Part Two: reflecting God's image in the world : Remember. -Doing what he was told. -Bethany. -When I am weak. -Getting back on the road. -The older brother. -Living truth.
526 _aSEG42
526 _aSEG41
526 _aSEG40
526 _aSEG39
526 _aP94
526 _aP87
526 _aP86
526 _aP85
526 _aP77
526 _aP76
526 _aP35
650 0 4 _aAdoración.
_9831
650 0 4 _aCulto público.
650 0 4 _aDios (Cristianismo)
_xAdoración.
942 _2ddc
_cBOOK
949 _a248.3 W92
_wDEWEY
_c1
_i44402
_lCCODEBUL1
_mBUL
_r0
_sY
_tBOOK
_u2015-6-24
_xTEOLOGIA
_PP35
_0COMPRA
_o.STAFF. Colección General
994 _aC0
_bPEPRU
596 _a1
999 _a248.3 W92
_wDEWEY
_c21283
_i44402
_f2021-11-11
_g5
_lCCODEBUL1
_mBUL
_r0
_sY
_tBOOK
_u2015-6-24
_xTEOLOGIA
_PP35
_0COMPRA
_o.STAFF. Colección General
_d21283
980 _81
_gALBERTO SANCHEZ Responsable de Automatización